UBT Library

World Development Report 2011 (Record no. 472)

000 -LEADER
fixed length control field 00634nam a22002177a 4500
008 - FIXED-LENGTH DATA ELEMENTS--GENERAL INFORMATION
fixed length control field 140527b xxu||||| |||| 00| 0 eng d
020 ## - INTERNATIONAL STANDARD BOOK NUMBER
International Standard Book Number 9780821384398
041 0# - LANGUAGE CODE
Language code of text/sound track or separate title eng
080 ## - UNIVERSAL DECIMAL CLASSIFICATION NUMBER
Universal Decimal Classification number 355/.033
110 ## -
-- World Bank Staff
245 ## - TITLE STATEMENT
Title World Development Report 2011
260 ## -
-- Washington :
-- World Bank Publications;
-- 2011.
300 ## -
-- 384 f.:
-- me il.;
-- 27 cm.
490 ## -
-- World Development Report Ser.
500 ## -
-- Foreword: f. XI-XII
505 ## -
-- Index: f. 365-384
650 #0 -
-- Bota
650 #0 -
-- Raporti
650 #0 -
-- Zhvillimi
942 ## - ADDED ENTRY ELEMENTS (KOHA)
Source of classification or shelving scheme
Item type Books
Holdings
Withdrawn status Lost status Source of classification or shelving scheme Damaged status Not for loan Collection code Permanent location Current location Shelving location Date acquired Total Checkouts Full call number Barcode Date last seen Koha item type
          Koleksioni i përgjithshem UBT - Prishtine UBT - Prishtine Koleksioni i përgjithshem 05/27/2014   355/.033 CON 001-000575 05/27/2014 Books
UBT Library © 2015-2024. All rights reserved University Education for Business and Technology